[Event "Leruitte 2011"]
[Site "CRELEL"]
[Date "2011.04.29"]
[Round "1"]
[White "Poljakovic, Sejfudin"]
[Black "Iafelice, Luigi"]
[Result "1-0"]
[WhiteElo "1979"]
[BlackElo "1800"]
[PlyCount "80"]
[EventDate "2011.??.??"]

1. e4 e5 2. Nf3 Nc6 3. Bb5 Nd4 4. Nxd4 exd4 5. c3 Bc5 6. Qh5 Qe7 7. d3 Nf6 8.
Qg5 O-O 9. O-O Kh8 10. e5 Nd5 11. Bc4 f6 12. exf6 Nxf6 13. b4 Bb6 14. a4 a5 15.
b5 dxc3 16. Nxc3 Bd4 17. Ba3 d6 18. Rfd1 Bxf2+ 19. Kxf2 Ng4+ 20. Kg1 Qe8 21.
Nd5 Bd7 22. Bb2 Ne5 23. Nxc7 Qd8 24. Qxd8 Raxd8 25. Bxe5 dxe5 26. Re1 Rc8 27.
Nd5 Rce8 28. Nb6 Bf5 29. Re3 g6 30. d4 e4 31. d5 Kg7 32. d6 Kf6 33. d7 Rd8 34.
Bd5 Ke5 35. Bxb7 Kd4 36. Ree1 Kc5 37. Nd5 Rxd7 38. Bc6 Rxd5 39. Rac1+ Kd6 40.
Bxd5 Kxd5 1-0

[Event "Leruitte 2011"]
[Site "CRELEL"]
[Date "2011.06.03"]
[Round "5"]
[White "Vandevoort, Pascal"]
[Black "Iafelice, Luigi"]
[Result "1-0"]
[WhiteElo "2414"]
[BlackElo "1800"]
[PlyCount "63"]
[EventDate "2011.??.??"]

1. Nf3 Nf6 2. c4 g6 3. Nc3 Bg7 4. e4 d6 5. d4 O-O 6. Be2 Nc6 7. O-O e5 8. Be3
Ng4 9. Bg5 f6 10. Bh4 g5 11. Bg3 Nh6 12. dxe5 fxe5 13. c5 g4 14. Ne1 dxc5 15.
Bc4+ Kh8 16. Qxd8 Rxd8 17. Nd3 Na5 18. Nxe5 Nxc4 19. Nxc4 Be6 20. Na5 b6 21.
Nc6 Rd2 22. Rad1 Rxb2 23. Nd5 Bxd5 24. exd5 Nf5 25. Bxc7 Bd4 26. d6 g3 27. hxg3
Nxg3 28. Nxd4 Nxf1 29. Nf3 Rxa2 30. Kxf1 c4 31. d7 Kg8 32. Re1 1-0

[Event "Leruitte 2011"]
[Site "CRELEL"]
[Date "2011.05.13"]
[Round "3"]
[White "Aydogdu, Hakan"]
[Black "Joassin, Stephane"]
[Result "0-1"]
[WhiteElo "1680"]
[BlackElo "1747"]
[PlyCount "56"]
[EventDate "2011.??.??"]

1. c4 Nf6 2. Nc3 e6 3. g3 d5 4. cxd5 exd5 5. Nf3 c6 6. Bg2 Bd6 7. d3 O-O 8. O-O
Re8 9. Bd2 Nbd7 10. Re1 Nb6 11. a3 Bg4 12. Rc1 h6 13. Qc2 Qd7 14. Nd1 Re7 15.
Bc3 Nh7 16. Ne3 Bh3 17. Nh4 Bxg2 18. Kxg2 Re6 19. Nhf5 Be5 20. Nd4 Bxd4 21.
Bxd4 Rae8 22. h4 Rg6 23. Qd2 Nf6 24. Qa5 Ng4 25. Nxg4 Qxg4 26. Bxb6 axb6 27.
Qxb6 Rxe2 28. Qxb7 Qxg3+ 0-1

[Event "Leruitte 2011"]
[Site "CRELEL"]
[Date "2011.06.03"]
[Round "5"]
[White "Barbier, Frederic"]
[Black "Joassin, Stephane"]
[Result "0-1"]
[WhiteElo "1768"]
[BlackElo "1747"]
[PlyCount "106"]
[EventDate "2011.??.??"]

1. e4 c5 2. Nc3 Nc6 3. Bc4 Nf6 4. d3 e6 5. Bg5 Be7 6. Nge2 Nxe4 7. dxe4 Bxg5 8.
f4 Be7 9. O-O O-O 10. Ng3 a6 11. a4 Na5 12. b3 Nxc4 13. bxc4 d6 14. f5 Bf6 15.
Ra3 Bxc3 16. Rxc3 Qa5 17. Ra3 Qb4 18. Qd3 exf5 19. exf5 Re8 20. f6 Re1 21. Rb3
Rxf1+ 22. Kxf1 Qxa4 23. Ra3 Qd7 24. fxg7 Qe6 25. Ne4 Bd7 26. Nxd6 Bc6 27. Qg3
Qf6+ 28. Ke1 Bxg2 29. Re3 Rd8 30. Qxg2 Qxd6 31. Qe2 Qf6 32. Rf3 Qa1+ 33. Kf2
Qd4+ 34. Kg3 Qd6+ 35. Kf2 Qd2 36. Rf5 Qxe2+ 37. Kxe2 Rc8 38. Rg5 Rc6 39. Kd3 b6
40. Kc3 Rg6 41. Rd5 Kxg7 42. Kb3 Rh6 43. Rd2 f5 44. c3 f4 45. Rf2 Rf6 46. Kc2
Kg6 47. Kd3 Kf5 48. Ra2 a5 49. h3 Kg5 50. h4+ Kg4 51. Rf2 f3 52. Ke4 Re6+ 53.
Kd3 Re2 0-1

[Event "Leruitte 2011"]
[Site "CRELEL"]
[Date "2011.06.17"]
[Round "7"]
[White "Stefani, Philippe"]
[Black "Joassin, Stephane"]
[Result "0-1"]
[WhiteElo "1648"]
[BlackElo "1747"]
[PlyCount "60"]
[EventDate "2011.??.??"]

1. e4 c5 2. d4 cxd4 3. c3 dxc3 4. Nxc3 Nc6 5. Bc4 Nf6 6. Nf3 d6 7. O-O Be6 8.
Bb5 Bd7 9. Re1 a6 10. Bc4 b5 11. Bb3 e6 12. Bf4 e5 13. Ng5 Be6 14. Nxe6 fxe6
15. Bg5 h6 16. Bh4 g5 17. Bg3 Qe7 18. a3 h5 19. h4 Bh6 20. Qd3 Ng4 21. Rad1 Nd4
22. Ba2 gxh4 23. Bh2 Qf6 24. Ne2 Qxf2+ 25. Kh1 Ne3 26. Rg1 Qxe2 27. Qxe2 Nxe2
28. Rxd6 Nxg1 29. Rxe6+ Kd7 30. Kxg1 Bf4 0-1

[Event "Leruitte 2011"]
[Site "CRELEL"]
[Date "2011.06.10"]
[Round "6"]
[White "Giordano, Francesco"]
[Black "Laouar, Hassen"]
[Result "0-1"]
[WhiteElo "1327"]
[BlackElo "1487"]
[PlyCount "81"]
[EventDate "2011.??.??"]

1. e4 e5 2. Nf3 d6 3. d4 exd4 4. Nxd4 Be7 5. Nc3 Nf6 6. Be3 Nbd7 7. Nf3 O-O 8.
Bc4 Ng4 9. Qd2 Nde5 10. Nxe5 Nxe3 11. Nxf7 Nxc4 12. Qd5 Rxf7 13. Qxc4 Qf8 14.
O-O-O Kh8 15. f3 c6 16. h4 Rf6 17. h5 h6 18. Qe2 a5 19. Rhf1 a4 20. g4 Rf4 21.
Qd3 a3 22. b3 Bg5 23. Kb1 Be7 24. Ne2 Rf7 25. Ng1 b6 26. Nh3 Ba6 27. c4 b5 28.
Qe3 bxc4 29. Rf2 cxb3 30. axb3 Qb8 31. g5 Bc4 32. Ka2 Be6 33. f4 Ra5 34. f5 Bd7
35. gxh6 gxh6 36. Nf4 Bg5 37. Qc3+ Re5 38. Ng6+ Kh7 39. Nxe5 dxe5 40. Qc4 Be8
41. Rd6 0-1

[Event "Leruitte 2011"]
[Site "CRELEL"]
[Date "2011.04.29"]
[Round "1"]
[White "Pitz, Luc"]
[Black "Laouar, Hassen"]
[Result "1-0"]
[WhiteElo "1444"]
[BlackElo "1481"]
[PlyCount "79"]
[EventDate "2011.??.??"]

1. e4 e5 2. f4 exf4 3. Nf3 d6 4. Bc4 Bg4 5. O-O Be7 6. d4 Nf6 7. Qd3 Bxf3 8.
Qxf3 O-O 9. Bxf4 Nc6 10. c3 Na5 11. Bd3 Qd7 12. h3 Nc6 13. Bb5 Qc8 14. e5 dxe5
15. dxe5 Nd7 16. Qg3 Ncxe5 17. Bxe5 Nxe5 18. Qxe5 Bd6 19. Qf5 Qxf5 20. Rxf5 c6
21. Bc4 Rae8 22. Nd2 g6 23. Rf3 Kg7 24. Raf1 f5 25. g4 Rd8 26. Nb3 f4 27. Kg2
g5 28. Nd4 Rf6 29. Ne6+ Rxe6 30. Bxe6 Bc5 31. b4 Rd2+ 32. Kh1 Be3 33. Bb3 Kg6
34. Rd1 Re2 35. Rff1 Bd2 36. Bc4 f3 37. Rxf3 Re1+ 38. Rxe1 Bxe1 39. Bd3+ Kg7
40. Bf5 1-0

[Event "Leruitte 2011"]
[Site "CRELEL"]
[Date "2011.04.29"]
[Round "1"]
[White "Wlogalski, Olivier"]
[Black "Lecoq, Eric"]
[Result "1/2-1/2"]
[WhiteElo "1906"]
[BlackElo "1844"]
[PlyCount "65"]
[EventDate "2011.??.??"]

1. b3 e5 2. Bb2 Nc6 3. e3 d6 4. Bb5 a6 5. Bxc6+ bxc6 6. d4 exd4 7. Qxd4 Nf6 8.
Ne2 Be7 9. Nbc3 c5 10. Qd2 Bb7 11. f3 d5 12. O-O-O O-O 13. Nf4 c6 14. h4 Bd6
15. g4 Qa5 16. Kb1 Rfd8 17. Ncxd5 Qxd2 18. Nxf6+ gxf6 19. Rxd2 Bxf4 20. Rxd8+
Rxd8 21. exf4 Rd6 22. c4 Bc8 23. Re1 Kf8 24. Kc2 f5 25. Ba3 Re6 26. Bxc5+ Ke8
27. Rxe6+ Bxe6 28. g5 f6 29. Kc3 Kf7 30. Kd4 Bd7 31. h5 Be8 32. Bb4 Ke6 33. g6
1/2-1/2

[Event "Leruitte 2011"]
[Site "CRELEL"]
[Date "2011.05.13"]
[Round "3"]
[White "Champt, Victor"]
[Black "Lievens, Robert"]
[Result "1/2-1/2"]
[WhiteElo "1616"]
[BlackElo "1571"]
[PlyCount "120"]
[EventDate "2011.??.??"]

1. e4 c5 2. Nc3 e5 3. g3 d6 4. Bg2 Nc6 5. Nge2 Be6 6. d3 Be7 7. O-O Qd7 8. Nd5
O-O-O 9. a4 h5 10. f3 Bh3 11. c3 h4 12. g4 Bxg2 13. Kxg2 Nf6 14. Nxe7+ Nxe7 15.
h3 d5 16. Be3 d4 17. cxd4 cxd4 18. Bg5 Kb8 19. b4 Rc8 20. b5 Qe6 21. Rc1 Qa2
22. Ra1 Qb2 23. Re1 Ng6 24. Kf1 Rc2 25. Qb1 Rhc8 26. Qxb2 Rxb2 27. Rec1 Rbc2
28. Rxc2 Rxc2 29. Ke1 Nh7 30. Bc1 Nhf8 31. Kd1 Rc8 32. f4 f6 33. f5 Ne7 34. Ba3
Ng8 35. Bd6+ Ka8 36. Rc1 Rxc1+ 37. Kxc1 Nd7 38. Kb2 Nh6 39. Ng1 Nf7 40. Be7 Kb8
41. Nf3 Nh6 42. Nxh4 Nf7 43. Nf3 Kc8 44. h4 Nh6 45. g5 fxg5 46. hxg5 Ng4 47.
Kb3 Kc7 48. a5 b6 49. a6 Nc5+ 50. Kc4 Ne3+ 51. Kb4 Nxd3+ 52. Ka3 Nc4+ 53. Kb3
Nd6 54. Bxd6+ Kxd6 55. Kc4 Nc5 56. Nd2 Nd7 57. Nf3 Nc5 58. Nd2 Nd7 59. Nf3 Nc5
60. Nd2 Nd7 1/2-1/2

[Event "Leruitte 2011"]
[Site "CRELEL"]
[Date "2011.06.03"]
[Round "5"]
[White "Renard, Alain"]
[Black "Lievens, Robert"]
[Result "1-0"]
[WhiteElo "1560"]
[BlackElo "1571"]
[PlyCount "95"]
[EventDate "2011.??.??"]

1. e4 c5 2. Nc3 Nc6 3. g3 d6 4. Bg2 e5 5. Nd5 Be6 6. Ne2 Nge7 7. Ne3 g6 8. d3
Bg7 9. O-O O-O 10. f4 exf4 11. Nxf4 Bd7 12. c3 Qc8 13. Nfd5 Be6 14. Nf6+ Kh8
15. Ned5 Ng8 16. Bg5 h6 17. Be3 Qd8 18. Nxg8 Kxg8 19. Qd2 g5 20. Rf2 Ne5 21. h3
Ng6 22. Raf1 Be5 23. Nf6+ Kh8 24. Rf3 Qc8 25. d4 Bxf6 26. Rxf6 cxd4 27. Bxd4
Kh7 28. Qe2 Qd7 29. Qh5 Bxa2 30. R6f5 Bc4 31. R1f2 a5 32. Rxg5 a4 33. Rf6 Rg8
34. Rgf5 Be6 35. Be3 Rg7 36. Qxh6+ Kg8 37. Rh5 d5 38. Rxg6 fxg6 39. Rh4 Kf8 40.
Bc5+ Ke8 41. Rf4 Kd8 42. Rf8+ Kc7 43. Rxa8 Rf7 44. Qh8 Kc6 45. Qd4 dxe4 46.
Bxe4+ Bd5 47. Bxd5+ Qxd5 48. Rc8+ 1-0

[Event "Leruitte 2011"]
[Site "CRELEL"]
[Date "2011.06.10"]
[Round "6"]
[White "Sferruggia, Serge"]
[Black "Lievens, Robert"]
[Result "1/2-1/2"]
[WhiteElo "1487"]
[BlackElo "1571"]
[PlyCount "98"]
[EventDate "2011.??.??"]

1. e4 c5 2. Nf3 Nc6 3. Bc4 d6 4. O-O e6 5. Nc3 Bd7 6. d4 Na5 7. Be2 c4 8. b4
cxb3 9. axb3 a6 10. b4 Nc6 11. b5 Nb8 12. Be3 a5 13. Qd2 Be7 14. Rfb1 Nf6 15.
h3 O-O 16. e5 Nd5 17. Nxd5 exd5 18. c4 Bf5 19. Bd3 Bxd3 20. Qxd3 dxc4 21. Qxc4
d5 22. Qd3 b6 23. Qf5 Qd7 24. Qxd7 Nxd7 25. Rc1 Rfc8 26. Rxc8+ Rxc8 27. Rc1
Rxc1+ 28. Bxc1 Bb4 29. Kf1 Nf8 30. Ne1 Ne6 31. Nc2 Bc3 32. Be3 a4 33. Ke2 Bb2
34. Kd3 a3 35. Nb4 Nc7 36. Kc2 Kf8 37. Kb3 Ke7 38. Nd3 Nxb5 39. Nxb2 axb2 40.
Kxb2 Kd7 41. Kb3 Kc6 42. f4 Nc7 43. f5 Kb5 44. Bf4 Ne8 45. g4 Kc6 46. h4 g6 47.
Bh6 Nc7 48. Be3 Kd7 49. Kb4 Kc6 1/2-1/2

[Event "Leruitte 2011"]
[Site "CRELEL"]
[Date "2011.06.10"]
[Round "6"]
[White "Aydogdu, Hakan"]
[Black "Magis, Pierre"]
[Result "1-0"]
[WhiteElo "1681"]
[BlackElo "1646"]
[PlyCount "101"]
[EventDate "2011.??.??"]

1. c4 c6 2. Nc3 Nf6 3. Nf3 d5 4. cxd5 cxd5 5. g3 g6 6. Bg2 Bg7 7. d3 O-O 8. Bd2
Nc6 9. Rc1 Re8 10. O-O d4 11. Na4 e5 12. Ng5 Bd7 13. Qb3 Be6 14. Qxb7 Bd5 15.
Bxd5 Qxd5 16. Qxc6 Qxa2 17. Qc4 Qxc4 18. Rxc4 Nd5 19. Rc5 Nf6 20. Rc7 Bh6 21.
Rd1 Nd5 22. Rc5 Nf6 23. Rdc1 e4 24. dxe4 Bxg5 25. Bxg5 Nxe4 26. Rd5 Nxg5 27.
Rxg5 Rxe2 28. Rd5 Rd2 29. Rc4 d3 30. Rcd4 Rd1+ 31. Kg2 Ra1 32. b3 Re8 33. Rd8
Rxd8 34. Rxd8+ Kg7 35. Rxd3 h5 36. Rd7 Ra3 37. Rb7 a5 38. Rb5 Kf6 39. h4 Ke6
40. Rxa5 Kd6 41. Rb5 Kc6 42. Rb6+ Kd5 43. Nc3+ Kc5 44. Rb8 Kc6 45. Ne4 Kc7 46.
Rb4 Kc6 47. Kf3 f5 48. Nd2 Ra2 49. Ke3 Kc5 50. Rb8 Kd5 51. Rg8 1-0

[Event "Leruitte 2011"]
[Site "CRELEL"]
[Date "2011.05.27"]
[Round "4"]
[White "Joassin, Stephane"]
[Black "Magis, Pierre"]
[Result "1-0"]
[WhiteElo "1747"]
[BlackElo "1646"]
[PlyCount "59"]
[EventDate "2011.??.??"]

1. e4 d6 2. d4 Nf6 3. Nc3 g6 4. Nf3 Bg7 5. Be2 O-O 6. O-O Nbd7 7. Be3 c6 8. Qd2
e5 9. Bh6 Qc7 10. Bxg7 Kxg7 11. Rad1 a6 12. h3 b5 13. dxe5 dxe5 14. b4 Bb7 15.
Qd6 Rac8 16. a4 Rfe8 17. Nh2 Re6 18. Qd2 c5 19. Ng4 cxb4 20. Qh6+ Kh8 21. Nd5
Nxd5 22. exd5 Rd6 23. axb5 Qxc2 24. bxa6 Qxe2 25. axb7 Rb8 26. Rc1 Nb6 27. Rc6
Rxc6 28. dxc6 Qc2 29. Nf6 g5 30. c7 1-0

[Event "Leruitte 2011"]
[Site "CRELEL"]
[Date "2011.05.06"]
[Round "2"]
[White "Szigetvari, Andre"]
[Black "Magis, Pierre"]
[Result "1/2-1/2"]
[WhiteElo "1782"]
[BlackElo "1646"]
[PlyCount "29"]
[EventDate "2011.??.??"]

1. e4 c5 2. Nf3 d6 3. d4 cxd4 4. Nxd4 Nf6 5. Nc3 a6 6. f4 Nbd7 7. Be2 e6 8. O-O
Be7 9. a4 O-O 10. Be3 Qc7 11. a5 b6 12. axb6 Nxb6 13. Bd3 Bb7 14. Qe2 Nbd7 15.
Bf2 1/2-1/2

[Event "Leruitte 2011"]
[Site "CRELEL"]
[Date "2011.04.29"]
[Round "1"]
[White "Dans, Guy"]
[Black "Market, Guy"]
[Result "1-0"]
[WhiteElo "1395"]
[BlackElo "1253"]
[PlyCount "93"]
[EventDate "2011.??.??"]

1. e4 d6 2. d4 Nf6 3. Nc3 g6 4. h3 Bg7 5. f4 O-O 6. Be3 c6 7. Bd3 b5 8. e5 dxe5
9. fxe5 Nh5 10. Qf3 Bb7 11. g4 f6 12. gxh5 fxe5 13. Qg4 exd4 14. Bxd4 Qxd4 15.
hxg6 h6 16. Qxd4 Bxd4 17. Nge2 Bf2+ 18. Kd2 Kg7 19. Ne4 Bh4 20. Raf1 Rg8 21.
Rhg1 Nd7 22. Nd4 Ne5 23. Rg2 Rgf8 24. Rgg1 Nxd3 25. Rxf8 Kxf8 26. Ne6+ Kg8 27.
Kxd3 Bc8 28. N4c5 Bxe6 29. Nxe6 c5 30. Rf1 c4+ 31. Ke4 Bf6 32. c3 Bg7 33. Rf7
Bf6 34. Rh7 Rc8 35. Rxh6 Rc6 36. Kf5 Rd6 37. Rh7 Rd5+ 38. Kg4 Rd6 39. Ng5 Rd2
40. h4 Rxb2 41. Rf7 Rxa2 42. Ne6 Rg2+ 43. Kf5 Rf2+ 44. Kg4 Rg2+ 45. Kh5 Rxg6
46. Kxg6 Bxh4 47. Rf8# 1-0

[Event "Leruitte 2011"]
[Site "CRELEL"]
[Date "2011.05.06"]
[Round "2"]
[White "Giordano, Francesco"]
[Black "Market, Guy"]
[Result "1-0"]
[WhiteElo "1327"]
[BlackElo "1253"]
[PlyCount "73"]
[EventDate "2011.??.??"]

1. e4 d6 2. d4 Nf6 3. Nc3 g6 4. Nf3 Bg7 5. Be2 O-O 6. O-O c6 7. Re1 b5 8. Bf1
Qc7 9. a3 a6 10. Bf4 Nh5 11. Be3 Nd7 12. Ne2 e5 13. d5 Bb7 14. Nc3 cxd5 15.
Nxd5 Bxd5 16. Qxd5 Nhf6 17. Qd2 Rad8 18. c3 Nb6 19. Bf4 exf4 20. Qxf4 h6 21.
Rad1 Rfe8 22. h4 Re6 23. g4 h5 24. Bh3 hxg4 25. Bxg4 Nxg4 26. Qxg4 Rde8 27. Rd2
f5 28. Qg3 fxe4 29. Ng5 Re5 30. Rde2 Qe7 31. Qg4 Bf6 32. Nxe4 Rxe4 33. Rxe4 Be5
34. Qxg6+ Kh8 35. Qh5+ Kg8 36. Rg4+ Bg7 37. Rxe7 1-0

[Event "Leruitte 2011"]
[Site "CRELEL"]
[Date "2011.06.10"]
[Round "6"]
[White "Pitz, Luc"]
[Black "Market, Guy"]
[Result "1-0"]
[WhiteElo "1444"]
[BlackElo "1253"]
[PlyCount "93"]
[EventDate "2011.??.??"]

1. e4 d6 2. d4 Nf6 3. Nc3 g6 4. f4 Bg7 5. Nf3 O-O 6. Bc4 Nxe4 7. Bxf7+ Rxf7 8.
Nxe4 c5 9. dxc5 Bg4 10. O-O Nc6 11. c3 dxc5 12. Qxd8+ Rxd8 13. Nxc5 b6 14. Ne4
Bxf3 15. Rxf3 e5 16. Ng5 Rd1+ 17. Rf1 Rxf1+ 18. Kxf1 Rf8 19. g3 exf4 20. Ne6
Rf6 21. Nxg7 fxg3+ 22. Kg2 Kxg7 23. hxg3 Ne5 24. Be3 Kf7 25. Bd4 Re6 26. Bxe5
Rxe5 27. Kf3 h5 28. Rd1 Kf6 29. Rd7 Re7 30. Rxe7 Kxe7 31. Kf4 Kf6 32. c4 g5+
33. Ke4 h4 34. gxh4 gxh4 35. b4 Ke6 36. a4 a5 37. c5 axb4 38. cxb6 Kd7 39. a5
Kc8 40. a6 Kb8 41. Kd5 h3 42. Kc6 h2 43. a7+ Ka8 44. b7+ Kxa7 45. Kc7 h1=Q 46.
b8=Q+ Ka6 47. Qb6# 1-0

[Event "Leruitte 2011"]
[Site "CRELEL"]
[Date "2011.06.03"]
[Round "5"]
[White "Arabia, Allan"]
[Black "Moch, Jean"]
[Result "1-0"]
[WhiteElo "1197"]
[BlackElo "1184"]
[PlyCount "109"]
[EventDate "2011.??.??"]

1. e4 c5 2. c3 d6 3. d4 cxd4 4. cxd4 a6 5. Nf3 Nf6 6. Nc3 g6 7. Bg5 Bg7 8. h3
Nbd7 9. e5 dxe5 10. dxe5 Ng8 11. Bf4 Qb6 12. Qc2 f6 13. Nd5 Qd8 14. Nc7+ Kf7
15. e6+ Kf8 16. exd7 Bxd7 17. Nxa8 Qxa8 18. Qc7 Be6 19. Qb8+ Qxb8 20. Bxb8 Nh6
21. Nd4 Kf7 22. Nxe6 Rxb8 23. Nxg7 Kxg7 24. Rc1 Nf5 25. Bd3 Nd6 26. Rc7 Re8 27.
O-O Nf7 28. Re1 Ne5 29. Bc4 Kf8 30. Be6 Rd8 31. Rc8 Nf7 32. Rxd8+ Nxd8 33. Bc4
Nc6 34. Bd5 Nd8 35. Rd1 e6 36. Bf3 Ke7 37. Rc1 Kd7 38. g4 Nf7 39. Bxb7 Ne5 40.
Bxa6 f5 41. gxf5 exf5 42. Bb5+ Ke7 43. Re1 Kf6 44. a4 Nf3+ 45. Kf1 Nxe1 46.
Kxe1 Ke7 47. a5 Kd8 48. b4 Kc7 49. Bc4 Kb7 50. b5 h6 51. h4 Ka7 52. Ke2 f4 53.
Kf3 Kb8 54. Kxf4 Ka7 55. Ke5 1-0

[Event "Leruitte 2011"]
[Site "CRELEL"]
[Date "2011.04.29"]
[Round "1"]
[White "Champt, Victor"]
[Black "Monticelli, Romain"]
[Result "0-1"]
[WhiteElo "1616"]
[BlackElo "1606"]
[PlyCount "94"]
[EventDate "2011.??.??"]

1. e4 c5 2. Nc3 Nc6 3. g3 Nf6 4. Bg2 e6 5. d3 d5 6. exd5 exd5 7. Nge2 d4 8. Ne4
Be7 9. Bg5 Nxe4 10. Bxe7 Qxe7 11. Bxe4 O-O 12. O-O Bg4 13. Re1 Ne5 14. Qd2 Qf6
15. Qf4 Qd6 16. Bg2 Rfe8 17. h3 Nf3+ 18. Bxf3 Qxf4 19. Nxf4 Bxf3 20. h4 Kf8 21.
Kf1 Rac8 22. Nh3 h6 23. Ng1 Bd5 24. a3 c4 25. Rxe8+ Kxe8 26. Ne2 cxd3 27. cxd3
Rc2 28. b4 Rd2 29. Nf4 Bf3 30. h5 Kd7 31. Ke1 Rb2 32. b5 Rxb5 33. Ne2 Re5 34.
Ra2 Bxe2 35. Rxe2 Kd6 36. g4 b5 37. Kd1 Rxe2 38. Kxe2 a5 39. f4 f6 40. Kd2 b4
41. axb4 axb4 42. Kc2 Kc5 43. Kb3 Kb5 44. f5 Ka5 45. Kb2 Ka4 46. Ka2 b3+ 47.
Kb2 Kb4 0-1

[Event "Leruitte 2011"]
[Site "CRELEL"]
[Date "2011.05.27"]
[Round "4"]
[White "Lievens, Robert"]
[Black "Monticelli, Romain"]
[Result "1-0"]
[WhiteElo "1571"]
[BlackElo "1606"]
[PlyCount "150"]
[EventDate "2011.??.??"]

1. e4 c5 2. Nf3 Nc6 3. d4 cxd4 4. Nxd4 Nf6 5. Nc3 e5 6. Ndb5 d6 7. Bg5 a6 8.
Na3 b5 9. Nd5 Be7 10. Bxf6 Bxf6 11. Bd3 Be6 12. O-O O-O 13. c4 b4 14. Nc2 a5
15. b3 Rc8 16. Rb1 Be7 17. Nce3 Nd4 18. f4 Bxd5 19. Nxd5 Bf6 20. f5 g5 21. Qh5
Kg7 22. Rb2 h6 23. Qd1 Rh8 24. Be2 Rb8 25. Bh5 Qd7 26. Re1 Rhc8 27. Re3 a4 28.
Rh3 Qd8 29. Bxf7 Kxf7 30. Rxh6 Bg7 31. Qh5+ Kg8 32. Rg6 Rb7 33. Rxg5 axb3 34.
axb3 Ra8 35. h3 Rf7 36. Rg6 Qa5 37. Qd1 Qa1 38. Qxa1 Rxa1+ 39. Kh2 Kh7 40. Rxd6
Bh6 41. Nf6+ Rxf6 42. Rxf6 Bf4+ 43. g3 Nf3+ 44. Kg2 Ne1+ 45. Kf2 Nd3+ 46. Kf3
Nxb2 47. gxf4 Rf1+ 48. Kg4 Rxf4+ 49. Kg5 Rxe4 50. Rb6 Re2 51. Rxb4 Rg2+ 52. Kf6
e4 53. Rb7+ Kg8 54. Re7 Re2 55. c5 Nd3 56. c6 Nb4 57. Kg6 Rg2+ 58. Kh6 Nxc6 59.
Rxe4 Rg3 60. Rg4+ Rxg4 61. hxg4 Nd4 62. b4 Nf3 63. b5 Ne5 64. Kg5 Nd7 65. Kf4
Nf6 66. g5 Nd5+ 67. Ke5 Nc7 68. b6 Na6 69. Kd6 Nb8 70. f6 Kf7 71. Kc7 Na6+ 72.
Kd8 Nc5 73. Kc8 Ne6 74. b7 Nxg5 75. b8=Q Kxf6 1-0

[Event "Leruitte 2011"]
[Site "CRELEL"]
[Date "2011.05.06"]
[Round "2"]
[White "Sferruggia, Serge"]
[Black "Monticelli, Romain"]
[Result "0-1"]
[WhiteElo "1487"]
[BlackElo "1606"]
[PlyCount "96"]
[EventDate "2011.??.??"]

1. e4 c5 2. Nf3 Nc6 3. d4 cxd4 4. Nxd4 Nf6 5. Nc3 e5 6. Ndb5 d6 7. Nd5 Nxd5 8.
exd5 Ne7 9. Be3 a6 10. Nc3 f5 11. f4 Ng6 12. Qh5 Be7 13. Be2 O-O 14. fxe5 dxe5
15. O-O f4 16. Bf2 Bf5 17. Bg4 Nh4 18. Bxh4 Bxg4 19. Qxg4 Bxh4 20. Qe6+ Kh8 21.
Qxe5 Qb6+ 22. Kh1 Qxb2 23. Rab1 Qxc2 24. Ne4 Rfe8 25. Qh5 Qxe4 26. Qxh4 Qxd5
27. Qxf4 h6 28. Qf7 Qxf7 29. Rxf7 b5 30. Rbf1 Re2 31. a3 Ra2 32. R7f3 Rd8 33.
h3 Rdd2 34. Rg3 Rd7 35. Rgf3 Kh7 36. Re1 Rd6 37. Re7 Rg6 38. g4 Rd6 39. Re1
Rdd2 40. Rg3 Rd6 41. Rge3 Rad2 42. Re6 Rxe6 43. Rxe6 a5 44. Re3 Rb2 45. Kg1 a4
46. Kf1 Rb3 47. Ke2 Rxe3+ 48. Kxe3 b4 0-1

[Event "Leruitte 2011"]
[Site "CRELEL"]
[Date "2011.06.03"]
[Round "5"]
[White "Market, Guy"]
[Black "Morgenthal, Renaud"]
[Result "0-1"]
[WhiteElo "1253"]
[BlackElo "1468"]
[PlyCount "26"]
[EventDate "2011.??.??"]

1. e4 e6 2. d4 d5 3. Nc3 Bb4 4. a3 Bxc3+ 5. bxc3 dxe4 6. Qg4 Nf6 7. Qxg7 Rg8 8.
Qh6 Rg6 9. Qh4 Qd5 10. Ne2 Qh5 11. Qf4 c5 12. dxc5 Qxc5 13. Be3 Qc6 0-1

[Event "Leruitte 2011"]
[Site "CRELEL"]
[Date "2011.05.13"]
[Round "3"]
[White "Thirion, Christian"]
[Black "Morgenthal, Renaud"]
[Result "0-1"]
[WhiteElo "1300"]
[BlackElo "1468"]
[PlyCount "62"]
[EventDate "2011.??.??"]

1. e4 e6 2. d4 d5 3. e5 c5 4. c3 Nc6 5. Nf3 Qb6 6. b3 cxd4 7. cxd4 Bb4+ 8. Bd2
Nxd4 9. Bxb4 Qxb4+ 10. Nbd2 Nxf3+ 11. Qxf3 Bd7 12. a3 Qb6 13. Rc1 Ne7 14. Bd3
O-O 15. O-O Bb5 16. b4 Bxd3 17. Qxd3 Rac8 18. Nb3 Nc6 19. Qc3 Qd8 20. Rc2 Nxe5
21. Qxc8 Qxc8 22. Rxc8 Rxc8 23. Nc5 b6 24. Nb3 Kf8 25. f4 Nc4 26. Rc1 Ke7 27.
a4 Kd7 28. Kf2 Nb2 29. Ra1 Nd3+ 30. Ke3 Nxb4 31. a5 Nc2+ 0-1

[Event "Leruitte 2011"]
[Site "CRELEL"]
[Date "2011.05.13"]
[Round "3"]
[White "Alessi, David"]
[Black "Nottet, Tristan"]
[Result "0-1"]
[WhiteElo "1724"]
[BlackElo "1625"]
[PlyCount "58"]
[EventDate "2011.??.??"]

1. b3 c5 2. Bb2 Nc6 3. Nf3 d6 4. e3 Nf6 5. d4 cxd4 6. exd4 d5 7. c4 Bf5 8. Nc3
e6 9. Rc1 Be7 10. Be2 O-O 11. O-O Rc8 12. Bd3 Bxd3 13. Qxd3 Qa5 14. Ne5 Nxe5
15. dxe5 dxc4 16. Qf3 Qxe5 17. Qxb7 Rc7 18. Qb5 Rc5 19. Qa6 Ng4 20. g3 Qh5 21.
h4 Bxh4 22. gxh4 Qxh4 23. Qd6 Rg5 24. Ne4 Rg6 25. Rxc4 e5 26. Qxf8+ Kxf8 27.
Rc8+ Ke7 28. Rfc1 Ne3+ 29. Ng3 Rxg3+ 0-1

[Event "Leruitte 2011"]
[Site "CRELEL"]
[Date "2011.06.03"]
[Round "5"]
[White "Aydogdu, Hakan"]
[Black "Nottet, Tristan"]
[Result "0-1"]
[WhiteElo "1681"]
[BlackElo "1625"]
[PlyCount "102"]
[EventDate "2011.??.??"]

1. c4 Nf6 2. Nc3 b6 3. Nf3 c5 4. g3 Bb7 5. Bg2 g6 6. d3 Bg7 7. Bd2 O-O 8. O-O
d5 9. cxd5 Nxd5 10. a3 e6 11. Rb1 Nd7 12. Qc2 Rc8 13. Nb5 Ba6 14. Qa4 Bxb5 15.
Qxb5 Nc7 16. Qa4 a6 17. Ng5 a5 18. Ne4 b5 19. Qc2 Nd5 20. a4 Nb4 21. Qd1 bxa4
22. Qxa4 f5 23. Nd6 Nb6 24. Qxa5 Qxd6 25. Rfc1 N4d5 26. Rc2 Nd7 27. Rbc1 Ra8
28. Qb5 Rfb8 29. Qc4 Rxb2 30. Rxb2 Bxb2 31. Rb1 Bg7 32. e4 N5b6 33. Qc2 Ra1 34.
Rxa1 Bxa1 35. exf5 gxf5 36. Bh3 Bg7 37. Bf4 Ne5 38. Qb3 Nd5 39. Bc1 Qb6 40. Qa2
Nxd3 41. Ba3 Bb2 42. Bxf5 Bxa3 43. Bxd3 Qb2 44. Qc4 Qc1+ 45. Kg2 Qxc4 46. Bxc4
Kf7 47. Kf3 Nb6 48. Bd3 h6 49. Ke4 c4 50. Bc2 c3 51. Bb3 Nd5 0-1

[Event "Leruitte 2011"]
[Site "CRELEL"]
[Date "2011.06.17"]
[Round "7"]
[White "Magis, Pierre"]
[Black "Nottet, Tristan"]
[Result "1-0"]
[WhiteElo "1646"]
[BlackElo "1625"]
[PlyCount "57"]
[EventDate "2011.??.??"]

1. e4 c5 2. Nf3 d6 3. Bc4 Nc6 4. O-O Nf6 5. Re1 g6 6. c3 Bg7 7. d4 cxd4 8. cxd4
O-O 9. Nc3 Bg4 10. Be3 Nxe4 11. Bxf7+ Rxf7 12. Nxe4 Bxf3 13. gxf3 Kh8 14. Ng5
Rf5 15. Ne6 Qd7 16. d5 Ne5 17. f4 Nf7 18. Bd4 Bxd4 19. Qxd4+ Rf6 20. Rac1 Nd8
21. Rc7 Nxe6 22. Qxf6+ exf6 23. Rxd7 Nxf4 24. Ree7 Rc8 25. Rxh7+ Kg8 26. Rdg7+
Kf8 27. Rc7 Rxc7 28. Rxc7 Nxd5 29. Rxb7 1-0

[Event "Leruitte 2011"]
[Site "CRELEL"]
[Date "2011.06.03"]
[Round "5"]
[White "Dans, Guy"]
[Black "Pitz, Luc"]
[Result "1/2-1/2"]
[WhiteElo "1395"]
[BlackElo "1444"]
[PlyCount "71"]
[EventDate "2011.??.??"]

1. e4 c6 2. d4 d5 3. exd5 cxd5 4. Nf3 Nf6 5. c4 Bg4 6. Qb3 Bxf3 7. Qxf3 e6 8.
cxd5 Bb4+ 9. Nc3 Qxd5 10. Qd3 Qe4+ 11. Qe3 Qxe3+ 12. Bxe3 Nd5 13. Bd2 O-O 14.
a3 Ba5 15. Nxd5 Bxd2+ 16. Kxd2 exd5 17. Bb5 a6 18. Ba4 Nc6 19. Kd3 Rac8 20.
Rhe1 Rc7 21. Re2 Nxd4 22. Kxd4 Rc4+ 23. Kxd5 Rxa4 24. Rae1 Rd8+ 25. Kc5 Kf8 26.
Kb6 Rad4 27. Re7 Rd2 28. R1e2 R2d6+ 29. Kxb7 Rd2 30. Kxa6 Rxb2 31. Rxb2 Kxe7
32. Ra2 Rd1 33. g3 Kd6 34. Kb7 Rb1+ 35. Ka6 Kc6 36. Rc2+ 1/2-1/2